00967nab a2200193 i 4500001000400000003000400004005001700008008003900025040000800064080001500072100012200087245013700209260001000346500002100356520022900377650001600606650002000622773013100642BPPBPK20160531124416.0150521s1999 pl | | |000 ||pol cBPK a331.56/.57 aGOSTOMCZYK, Waldemar.d1996 - .bPolitechnika Koszalińska - Wydział Ekonomii i Zarządzania,cKatedra Agrobiznesu aDziałania urzędów pracy w zakresie podwyższania efektywności aktywnych form ograniczania bezrobocia /cWaldemar Gostomczyk. c1999. aDane z autopsji. aProblem walki z bezrobociem nie jest tylko problemem administracji państwowej. Skala bezrobocia i jego ujemne skutki powodują konieczność włączenia się władz samorządowych do rozwiązywania jego problemów. 0aBezrobocie. aUrzędy pracy. iW :tKoszalińskie Studia i Materiały. -dKoszalin : Wydaw. Uczelniane Politechniki Koszalińskiej, 1999. -gnr 1, s. 53-63